La idea del principio en Leibniz y la evolución de la teoría deductiva / (Record no. 158209)

MARC details
000 -LEADER
campo de control de longitud fija 01029nam a2200265 i 4500
001 - NÚMERO DE CONTROL
campo de control 158209
003 - IDENTIFICADOR DE NÚMERO DE CONTROL
campo de control ES-MaACL
005 - FECHA Y HORA DE LA ÚLTIMA TRANSACCIÓN
campo de control 20231229062533.0
008 - DATOS DE LONGITUD FIJA--INFORMACIÓN GENERAL
campo de control de longitud fija 170703s1979 sp |||| | spa d
020 ## - NÚMERO INTERNACIONAL ESTÁNDAR DEL LIBRO
Número Internacional Estándar del Libro 84-206-4103-0
100 1# - ENTRADA PRINCIPAL--NOMBRE DE PERSONA
Nombre de persona Ortega y Gasset, José,
Fechas asociadas al nombre 1883-1955
9 (RLIN) 87503
245 13 - MENCIÓN DEL TÍTULO
Título La idea del principio en Leibniz y la evolución de la teoría deductiva /
Mención de responsabilidad, etc. Ortega y Gasset.
250 ## - MENCION DE EDICION
Mención de edición 1ª ed. en "Obras de José Ortega y Gasset".
260 ## - PUBLICACIÓN, DISTRIBUCIÓN, ETC.
Lugar de publicación, distribución, etc. Madrid :
Nombre del editor, distribuidor, etc. Revista de Occidente en Alianza editorial,
Fecha de publicación, distribución, etc. 1979.
300 ## - DESCRIPCIÓN FÍSICA
Extensión 378 p. ;
Dimensiones 18 cm.
490 1# - MENCIÓN DE SERIE
Mención de serie Obras de José Ortega y Gasset ;
Designación de volumen o secuencia 3
598 ## - NOTA LOCAL
Nota local Colección editada por Paulino Garagorri.
600 14 - PUNTO DE ACCESO ADICIONAL DE MATERIA--NOMBRE DE PERSONA
Nombre de persona Leibniz, Gottfried Wilhelm
Títulos y otros términos asociados al nombre , Freiherr von-
Subdivisión general Crítica e interpretación.
9 (RLIN) 71369
650 #4 - PUNTO DE ACCESO ADICIONAL DE MATERIA--TÉRMINO DE MATERIA
Término de materia o nombre geográfico como elemento de entrada Lógica.
9 (RLIN) 14693
700 1# - ENTRADA AGREGADA--NOMBRE PERSONAL
Nombre de persona Garagorri, Paulino,
Fechas asociadas al nombre 1916-2007
9 (RLIN) 53911
740 32 - ENTRADA AGREGADA--TÍTULO RELACIONADO/ANALÍTICO NO CONTROLADO
Título relacionado o analítico no controlado La idea de principio en Leibniz.
830 1# - PUNTO DE ACCESO ADICIONAL DE SERIE-TÍTULO UNIFORME
Título uniforme Obras de José Ortega y Gasset ;
Designación de volumen o secuencia 3
9 (RLIN) 181562
852 4# - LOCALIZACIÓN
Ubicación ES-MaACL
Número de control de estantería L-31801
Holdings
Estatus retirado Estado de pérdida Estado de daño No para préstamo Biblioteca de origen Biblioteca actual Ubicación en estantería Fecha de adquisición Fuente de adquisición Total de préstamos Signatura topográfica completa Código de barras Visto por última vez Precio de reemplazo Tipo de ítem Koha
        Biblioteca del Ateneo de Madrid Biblioteca del Ateneo de Madrid Depósito 2 03/07/2017     L-31801 1197834 23/02/2023 23/02/2023 Libro impreso